[Event "Hong Kong op"]
[Site "Hong Kong"]
[Date "2023.12.28"]
[Round "8"]
[White "Wong, Adrian Kwan Yui"]
[Black "Ng, See Jen"]
[Result "1-0"]
[WhiteElo "1586"]
[BlackElo "1106"]
[PlyCount "65"]
[EventDate "2023.12.24"]
[EventType "swiss"]
[EventRounds "9"]
[EventCountry "HKG"]
[SourceTitle "CB01_2024"]
[SourceDate "2024.01.03"]
[SourceVersion "1"]
[SourceVersionDate "2024.01.03"]
[SourceQuality "1"]

1. e4 d6 2. d4 Nf6 3. Nc3 Nbd7 4. f4 e5 5. Nf3 exf4 6. Bxf4 c6 7. Bd3 Be7 8. 0-0 0-0 9. Kh1 Nb6 10. Qe2 Be6 11. Rad1 Qc8 12. a4 a5 13. Be3 Nbd7 14. e5 dxe5 15. dxe5 Nd5 16. Nxd5 cxd5 17. c3 Bg4 18. Bd4 Bc5 19. Bxh7+ Kh8 20. Bc2 Re8 21. Qd3 Kg8 22. e6 Bxe6 23. Qh7+ Kf8 24. Qxg7+ Ke7 25. Rde1 Rg8 26. Bxc5+ Nxc5 27. Qd4 Rg4 28. Qxd5 Nxa4 29. Nd4 Qb8 30. Nxe6 Qd6 31. Nc5+ Kd8 32. Qxd6+ Kc8 33. Re8# 1-0